000 00783nam a2200169 i 4500
001 113923
003 ES-MaACL
005 20230906190033.0
007 t|
008 061121s1917 sp r ||||1| spa d
100 1 _aPagés y Belloc, Francisco.
_988291
245 1 0 _aDiscurso leído en la Universidad de Sevilla en el acto solemne de la apertura del curso académico de 1917 a 1918 /
_cpor Francisco Pagés y Belloc.
260 _aSevilla :
_bLibrería de Eulogio de las Heras,
_c[1917?]
300 _a48 p., 30 h. ;
_c27 cm.
500 _aTema: Algunas noticias de las últimas negociaciones acerca de la independencia de la América española continental. Seguido de Apéndices, copia de documentos del Archivo de Indias.
852 _aES-MaACL
_j1558-F-9
_z.- Ded. ms. del autor
999 _c113923
_d113923